000 00221nam a22000857a 4500
008 161013b xxu||||| |||| 00| 0 eng d
100 _9820
_aLewis,C.S
245 _aThe Silver Chair
260 _aNewYork
_bHarper Publications
_c2005
999 _c3474
_d3474